000 00599nam a2200181Ia 4500
008 100920s9999 xx 000 0 und d
082 _b95499
_a891.43 0
100 _aचेेेस जेम्स हॅडली.
245 _aदेखो और मार दो.
260 _bडायमंड पॉकेट बुक्स,दिल्ली.
_c0
300 _a187
_bसाधी
365 _b10
520 _aहिंदी.
630 _aदेखो और मार दो.
650 _aहिंदी.
730 _aदेखो और मार दो.
942 _cBOOK
999 _c735941
_d735938